[Event "Tilburg Fontys"]
[Site "Tilburg"]
[Date "1996.10.17"]
[Round "6"]
[White "Van Wely, Loek"]
[Black "Karpov, Anatoly"]
[Result "1-0"]
[WhiteElo "2605"]
[BlackElo "2775"]
[Annotator "Ftacnik,L"]
[PlyCount "131"]
[EventDate "1996.10.11"]
[EventType "tourn"]
[EventRounds "11"]
[EventCountry "NED"]
[EventCategory "16"]
[SourceTitle "CBM 056"]
[Source "ChessBase"]
[SourceDate "1997.02.01"]
[SourceVersion "1"]
[SourceVersionDate "1997.02.01"]
[SourceQuality "1"]

1. d4 Nf6 2. c4 e6 3. Nf3 b6 4. g3 Ba6 5. b3 Bb7 6. Bg2 Bb4+ 7. Bd2 a5 8. O-O
O-O 9. Nc3 d6 10. Qc2 Nbd7 11. Rfe1 Bxc3 12. Bxc3 Be4 13. Qb2 Qb8 (13... a4 14.
Bf1 Bb7 15. Nd2 c5 (15... Ne4 16. Bg2 Ndf6 17. Nxe4 Nxe4 18. d5 Nxc3 19. Qxc3
e5 20. b4 f5 21. f4 exf4 22. gxf4 Qh4 23. Rf1 Rae8 24. e3 Rf6 {Pinter,
J-Romanishin,O/Balatonbereny (02)/1995/1/2-1/2 (54)}) 16. Bh3 Qc7 17. Rad1 Ra6
18. d5 e5 19. f4 Rfa8 20. e4 axb3 21. axb3 Ra2 22. Qb1 Bc8 23. Qd3 Qd8 24. f5
h6 {Kragelj,I-Romanishin,O/Pula PCA op/1994/0-1 (59)}) (13... c6 14. Bf1 b5 15.
d5 cxd5 (15... exd5 $5 16. cxb5 c5 17. Bxf6 Nxf6 18. Nd2 Bg6) (15... Bxf3 $5
16. exf3 exd5 17. cxb5 c5) 16. Bxf6 (16. cxb5 e5) 16... Nxf6 17. cxb5 a4 18.
bxa4 Rxa4 19. Rec1 (19. Nd2 Qa5) 19... Qa5 20. a3 Rb8 21. Nd4 {0-1 Sjoberg,
M-Almasi,Z/Malmo (06)/1994 (40)}) (13... d5 14. Bh3 (14. Bf1) 14... Bf5 15.
Bxf5 exf5 16. Nh4 Ne4 17. f3 Nxc3 18. Qxc3 f4 19. Rac1 (19. cxd5 $2 Nf6 $15)
19... Nf6 $6 (19... fxg3 20. hxg3 Qg5 21. Kf2 c5 22. cxd5 Qxd5 23. Red1 cxd4
24. Qxd4 Qxd4+ 25. Rxd4 $14) 20. gxf4 {1-0 Chernin,A-Romanishin,O/Taastrup/
1992 (47)}) 14. Bf1 (14. Bh3 b5 15. d5 e5 16. Nd2 Bg6 17. cxb5 Qxb5 18. e4 Nc5
19. Bf1 Qb6 20. Nc4 Qa7 21. Nxa5 Bxe4 22. Nc6 Qb6 23. Bc4 Nd3 24. Qd2 Nxe1 25.
Rxe1 Rfe8 {Petursson,M-Lerner,K/Moscow-A/1987/0-1 (68)}) 14... c5 (14... Bxf3
15. exf3 d5 16. Rac1 c6 17. c5 Re8 18. Bd2 Qb7 19. Bf4 Rec8 20. Bd3 bxc5 21.
dxc5 Ne8 22. Bd2 Nc7 23. f4 Re8 24. Qb1 Nf8 25. Bc3 f6 {1/2-1/2 Hulak,
K-Polugaevsky,L/Zagreb izt (02)/1987 (43)}) 15. Rad1 (15. Nd2 Bc6 16. e4 cxd4
17. Bxd4 e5 18. Bc3 Nc5 $10) 15... Rd8 16. Bh3 $1 {White wants to control the
center without having to change the white squared bishops. Weiß will das
Zentrum beherschen, ohne die weißfeldrigen Läufer tauschen zu müssen.} a4 $1
17. Nd2 axb3 18. axb3 Bb7 (18... cxd4 19. Nxe4 dxc3 (19... Nxe4 20. Bxd4 e5 21.
Bxd7 Rxd7 22. Bxe5) 20. Nxc3 $16) 19. d5 e5 $2 (19... exd5 20. cxd5 Bxd5 21.
Bxd7 Rxd7 22. Bxf6 gxf6 23. Nc4 (23. Qxf6 Qd8 24. Qf4 b5 $1) 23... Bxc4 24.
bxc4 Kg7 25. Rd5 $44) 20. e4 Nf8 21. f4 N6d7 22. Nf3 Re8 23. Rf1 f6 (23... Qc7
24. Ng5) 24. Qc2 Qc7 25. Ra1 Rxa1 26. Rxa1 Kf7 $2 (26... Bc8 $5 27. Nh4 Nb8)
27. Nh4 Ra8 $2 28. Rf1 Bc8 29. Qe2 g6 30. Qf2 (30. Nf3 $5) 30... Qd8 (30... Kg7
31. Nf3) 31. Nf3 Qe7 32. Ng5+ $1 {Quite refreshing attacking idea, the knight
is happy to land on e6. Eine ziemlich erfrischende Angriffsidee, der Springer
landet gerne auf e6.} Kg7 (32... fxg5 33. fxe5+ Kg8 34. exd6 Qxd6 35. e5 $18)
33. Ne6+ Kg8 (33... Nxe6 34. dxe6 Nf8 35. f5 $18) 34. Nc7 $1 Ra7 35. Nb5 Ra8
36. fxe5 dxe5 (36... fxe5 37. Be6+ Nxe6 38. dxe6 Nf8 39. Qf7+ Qxf7 40. exf7+
Kg7 41. Nxd6 $18) 37. d6 Qf7 38. Nc7 Rb8 39. Nd5 Kg7 40. Bxd7 Nxd7 41. Nxf6 $1
Qxf6 (41... Nxf6 42. Bxe5 $18) (41... Qe6 42. Nd5 Bb7 43. Nc7 Qg8 44. Bxe5+ $18
) 42. Qxf6+ Nxf6 43. Bxe5 Bh3 44. Bxf6+ Kf7 45. Rf4 Ke6 46. Be7 Ra8 (46... h5
47. Rf6+ Ke5 48. Rxg6 $18) 47. Rh4 Ra1+ 48. Kf2 Ra2+ 49. Ke3 Bf1 (49... Rxh2
50. Rxh7 $18) 50. Rxh7 Rb2 51. d7 (51. Bf8 Rxb3+ 52. Kf4 Rd3 (52... Bxc4 53. d7
Rd3 54. Re7+ Kf6 55. e5#) 53. Kg5) 51... Re2+ 52. Kf4 Kxd7 53. Bxc5+ Kc6 54.
Be3 g5+ 55. Kf3 Rb2 56. Rh6+ Kd7 57. Kg4 (57. Bxg5 Rxb3+ 58. Kf4 Bxc4 $18)
57... Rxb3 58. Bxb6 Bxc4 59. Kxg5 Rb5+ 60. Kf4 Bd3 61. e5 Bc4 62. Rd6+ Ke7 63.
h4 Be6 64. h5 Rb2 65. Be3 Rb4+ 66. Rd4 1-0

[Event "Olympiad-32"]
[Site "Yerevan"]
[Date "1996.09.28"]
[Round "12.1"]
[White "Ftacnik, Lubomir"]
[Black "Granda Zuniga, Julio E"]
[Result "1/2-1/2"]
[WhiteElo "2610"]
[BlackElo "2610"]
[Annotator "Ftacnik,L"]
[PlyCount "120"]
[EventDate "1996.09.15"]
[EventType "team-swiss"]
[EventRounds "14"]
[EventCountry "ARM"]
[SourceTitle "CBM 055"]
[Source "ChessBase"]
[SourceDate "1996.12.01"]
[SourceVersion "1"]
[SourceVersionDate "1996.12.01"]
[SourceQuality "1"]
[WhiteTeam "Slovakia"]
[BlackTeam "Peru"]
[WhiteTeamCountry "SVK"]
[BlackTeamCountry "PER"]

1. d4 Nf6 2. c4 e6 3. Nf3 b6 4. g3 Ba6 5. Nbd2 d5 6. cxd5 exd5 7. Bg2 Bd6 8.
O-O O-O 9. Ne5 (9. b3 Re8 10. Re1 Qe7 11. e3 Nbd7 12. Bb2 Rac8 13. Nh4 Bd3 14.
Bh3 g6 15. Nb1 Ba6 16. Nc3 Bb4 17. a3 Bxc3 18. Bxc3 Ne4 19. Bb2 Rcd8 {0-1
Paulsen,J-Einarsson,A/Gausdal Int (09)/1990/ (26)}) (9. Re1 Bb7 10. Ne5 Nbd7
11. Ndc4 Be7 12. Bf4 Re8 13. Nxd7 Qxd7 14. Rc1 c5 15. dxc5 Bxc5 16. Ne5 Qf5 17.
Nd3 Bf8 18. Qa4 Re4 19. Qb5 Re7 20. Bd6 Qd7 21. Qxd7 Rxd7 22. Bxf8 Kxf8 {
Browne,W-Arnason,J/Reykjavik op (07)/1990/1/2-1/2 (54)}) 9... Qe8 (9... Nbd7
10. Ndf3 Qe7 11. Bf4 Bb7 12. Rc1 c5 13. Qa4 Rfd8 14. Rfd1 Nf8 15. dxc5 bxc5 16.
Nd3 Bxf4 17. Nxf4 N8d7 18. Qa3 Rdc8 19. Ne1 Nb6 20. b3 a5 21. Ned3 Nfd7 22. Nb2
{Ftacnik,L-Lautier,J/Groningen/1988/1-0 (46)}) (9... c5 10. Ndf3 cxd4 (10...
Bb7 11. Bf4 Na6 12. Rc1 Nc7 13. dxc5 bxc5 14. Bg5 Nce8 15. Nd3 Qb6 16. b3 Ne4
17. Be3 d4 18. Bd2 N8f6 19. Nb2 Be7 20. Nc4 Qa6 {0-1 Blees,A-Douven,R/NLD-ch 
(09)/1990/ (36)}) 11. Bf4 Re8 12. Qxd4 Bxe2 13. Rfe1 Bxf3 14. Bxf3 Rxe5 15.
Rxe5 Nc6 16. Qc3 Nxe5 17. Bxe5 Bxe5 18. Qxe5 Qf8 19. Bxd5 Qc5 20. Rd1 Rd8 {
Browne,W-Arnason,J/Reykjavik Summit/1990/1-0 (46)}) 10. Ndf3 (10. Ndc4 dxc4 $5
(10... Bxc4 $6 11. Nxc4 dxc4 12. Bxa8 c6 13. Qc2 b5 (13... Qd7 14. e4 $18) 14.
a4 $16) 11. Bxa8 c6 12. Bf4 (12. Qc2 Nd5 13. Nxc4 Nb4 14. Nxd6 Nxc2 15. Nxe8
Rxe8 16. Bf4 Bxe2 $13) 12... Nd5 13. Ng6 Nxf4 14. Nxf4 c3 $1 $132) 10... Ne4 (
10... Nbd7 11. Bf4 c5 $13) 11. Bf4 Qb5 $6 (11... Nd7 12. Qa4 Nb8 (12... Nxe5
13. Qxa6 Nxf3+ 14. exf3 Bxf4 15. fxe4 $16) 13. Qc2 $14) 12. Nd3 Bxf4 13. a4 (
13. Nxf4 $5 Rd8 (13... Qxb2 $2 14. Nxd5 Bxe2 15. Qc1 Qxc1 16. Rfxc1 Na6 17. Ne5
$16) 14. Qc2 $14) 13... Qd7 14. Nxf4 Nc6 $6 (14... c6 15. Qc2 Qd6 16. Rfc1 Bb7
$14) 15. Ne5 $1 (15. Rc1 Nb4 $1 16. Qb3 Qd6 $13) 15... Nxe5 (15... Qd6 16. Nxc6
Qxc6 17. Rc1 Qd7 18. Qc2 $16) 16. dxe5 Rad8 17. Qc2 Bb7 (17... c6 $5 18. Bxe4 (
18. Rfd1 Nc5 19. b4 Ne6) 18... dxe4 19. Qxe4 $14) 18. Rad1 $2 (18. Rfd1 $1 Qe7
(18... f5 19. exf6 Nxf6 20. Bh3 Qd6 21. Ne6 Bc8 22. Nxd8 Bxh3 23. Nc6 $18) 19.
Nxd5 Bxd5 20. Bxe4 Qxe5 21. Bxh7+ $1 (21. Bxd5 Rxd5 22. Rxd5 Qxd5 23. Qxc7 Qb3
24. Qxa7 Qxb2 25. Re1 $16) 21... Kh8 22. Bd3 $16) 18... f5 $1 19. exf6 Nxf6 20.
b4 (20. Bh3 Qd6 21. Ne6 Bc8 22. Nxd8 Bxh3 23. Nc6 (23. Nb7 $2 Qe7) 23... Bxf1
24. Rxf1 $14) 20... Rfe8 21. Rd4 Qf7 $6 (21... c6 $1 22. Rfd1 $14) 22. b5 a6 (
22... g5 23. Nd3 Re6 24. Nb4 $16) (22... a5 $5 23. Rc1 Rd7) 23. Rc1 Rd7 24. e3
(24. Bh3 Rde7 25. Be6 $6 Rxe6 26. Nxe6 Qxe6 27. Qxc7 Rc8 $1) 24... g5 (24... a5
$5) 25. Ne2 axb5 26. axb5 Re5 (26... Ne4 27. Nc3 Nxc3 28. Qxc3 $16) 27. Ra4 $1
Ne4 28. Nd4 (28. Bxe4 dxe4 $1) 28... Qf6 $6 (28... Nd6 29. Ra7 g4 $16) 29. Ra7
Nd6 30. Rxb7 $1 (30. Qa2 Kg7 (30... Rf7 31. Rc2 Kg7 32. Rxb7 Nxb7 33. Bxd5 Rxe3
34. Qa1 Rd3 35. Bxf7 Qxd4 36. Qxd4+ Rxd4 37. Rxc7 $16) 31. Rc2 g4 $16) 30...
Nxb7 31. Qc6 Rf7 (31... Qe7 32. Qxb7 c5 33. Qa8+ Rd8 34. Nc6 Rxa8 35. Nxe7+
Rxe7 36. Bxd5+ $18) (31... Qf7 32. Nf3 (32. Qxb7 c5 33. Qxb6 cxd4 34. Qxd4 $16)
32... Rf5 33. Qxb7 g4 34. Qa8+ Qf8 35. Qxf8+ Kxf8 36. Nd4 $18) 32. Qxf6 Rxf6
33. Rxc7 $2 (33. f4 $1 Rxe3 (33... gxf4 34. exf4 Rh5 35. Bf3 $1 $18) 34. Bxd5+
Kh8 35. Bxb7 gxf4 36. Rf1 Rd3 37. Ne2 f3 38. Nf4 Rb3 39. Bc6 Rf5 40. Ne6 $18)
33... Nd6 34. Nc6 Re8 35. Bxd5+ (35. Ne7+ Kg7 36. Nxd5+ Rf7 37. Rc6 Nxb5 38.
Rxb6 $14) 35... Kh8 36. Nd4 Re5 $1 (36... Rc8 37. Rd7 g4 38. Kf1 Rcf8 39. Ke1
$16) 37. Bc6 Rc5 38. Rd7 g4 $1 39. Kg2 (39. Kf1 Nf5 $14) 39... h5 40. e4 $6 (
40. h3 $1 Nf5 (40... Nf7 41. hxg4 hxg4 42. Rb7 $16) 41. hxg4 hxg4 42. Nxf5
Rcxf5 43. Rd2 $14) 40... Nf7 $1 41. f4 $1 $8 (41. Rb7 $2 Ng5 $1 42. Rxb6 Nh3
43. Rb8+ Kh7 44. Rb7+ Kh6 45. f4 Rc1 46. Ne2 Re1 $19) 41... gxf3+ (41... Rd6
42. Rxd6 Nxd6 43. e5 Rc4 44. exd6 Rxd4 45. d7 Kg7 46. Kf2 Kf6 47. Ke3 Rd1 48.
Ke4 Rd2 $10) 42. Nxf3 Rc2+ 43. Rd2 Rxd2+ 44. Nxd2 Ne5 45. Be8 (45. Bd5 Kg7 $15)
45... h4 (45... Rh6 $5 46. Nf3 Nc4 47. e5 Kg7 (47... Nxe5 $2 48. Nxe5 Re6 49.
Nf7+ Kg7 50. Bc6 $18) 48. h3 Nxe5 49. Nxe5 Re6 50. Nc4 Rxe8 51. Nxb6 $10) 46.
gxh4 Kg7 47. Bh5 Rd6 (47... Kh6 48. Be2 Ng6 49. Kg3 Nxh4 50. Kxh4 Rf2 51. Nc4
Rxe2 52. Nxb6 Rxe4+ 53. Kg3 $10) 48. Nf3 Rh6 49. Be8 $1 (49. Nxe5 Rxh5 50. Nc4
Rxb5 51. Kf3 $15) 49... Nxf3 (49... Re6 50. Nxe5 Rxe8 51. Nc4 $10) 50. Kxf3
Rxh4 51. e5 $1 (51. Ke3 Kf6 52. Kd4 Rxh2 53. Bc6 Rd2+ $17) 51... Rxh2 52. Bd7
$1 Rd2 53. e6 Kf6 54. Ke4 Ke7 55. Ke5 Rc2 56. Kd5 Rc5+ 57. Ke4 Kd6 58. Kd4 Rh5
59. Kc4 (59. Ke4 Rd5 60. Ke3 Kc5 61. Ke4 $10) 59... Rd5 60. Kc3 Rxb5 (60... Re5
61. Kd4 Re1 62. Kc4 Rxe6 63. Bxe6 Kxe6 64. Kc3 Kd5 65. Kd3 Kc5 66. Kc3 Kxb5 67.
Kb3 $10) 1/2-1/2

[Event "Linares 27th"]
[Site "Linares"]
[Date "2010.02.23"]
[Round "9"]
[White "Grischuk, Alexander"]
[Black "Topalov, Veselin"]
[Result "1-0"]
[WhiteElo "2736"]
[BlackElo "2805"]
[Annotator "Ftacnik,L"]
[PlyCount "111"]
[EventDate "2010.02.13"]
[EventType "tourn"]
[EventRounds "10"]
[EventCountry "ESP"]
[EventCategory "21"]
[SourceTitle "CBM 135"]
[Source "ChessBase"]
[SourceDate "2010.03.17"]
[SourceVersion "1"]
[SourceVersionDate "2010.03.17"]
[SourceQuality "1"]

1. d4 Nf6 2. c4 e6 3. Nf3 b6 4. g3 Ba6 5. b3 Bb4+ 6. Bd2 Be7 7. Nc3 O-O 8. Rc1
Ba3 {The line with the active black bishops is trying to remind the first
player, that he used up too much time in building up his centre.} 9. Rc2 Nc6 (
9... Bb7 10. Bg2 Ne4 11. O-O Nxc3 (11... Nxd2 12. Rxd2 d6 (12... Bb4 13. Qc2 f5
14. d5 Qf6 15. Nd4 c5 16. dxc6 Nxc6 17. Ndb5 a6 18. Rxd7 axb5 19. Nxb5 Rab8 20.
Rxb7 Rxb7 21. Bxc6 $14 {1-0 Van Wely,L (2680)-Berg,E (2593)/Kemer 2007 (34)})
13. Qc2 g6 14. e4 Nd7 15. Re2 Bb4 16. Rd1 Bxc3 17. Qxc3 Qe7 18. h4 Rad8 19. Qe3
e5 20. h5 Rfe8 21. hxg6 hxg6 22. Qh6 Nf6 23. Ng5 Qf8 24. Qxf8+ Kxf8 {1/2-1/2
Gelfand,B (2724)-Ivanchuk,V (2752)/Merida 2005 (31)}) 12. Rxc3 a5 13. Qb1 f5
14. d5 Na6 15. Be3 Qe8 16. Nd4 Qg6 17. Nb5 Bb4 18. Rcc1 e5 19. a3 Bd6 20. b4
axb4 21. axb4 e4 22. Nxd6 Qxd6 23. b5 Nc5 {0-1 Polak,T (2507)-Vavrak,P (2475)/
Slovakia 2009 (38)}) (9... c5 10. Bc1 Bxc1 11. Rxc1 cxd4 12. Qxd4 Nc6 13. Qd6
Qb8 14. Rd1 b5 15. cxb5 Bxb5 16. Bg2 Ba6 17. O-O Qxd6 18. Rxd6 Rac8 19. Nd2 {
1/2-1/2 Gelfand,B (2733)-Anand,V (2779)/Monte Carlo 2007}) 10. Bg5 {White
needs to address the threat of Nb4, but Grischuk refuses to tackle the oddly
placed bishop on a3 with 10.Bc1.} (10. Bc1 Bb4 (10... Bxc1 11. Rxc1 Bb7 12. Bg2
Ne7 13. O-O d6 14. Qd3 Re8 15. e4 $14) 11. Bg2 (11. a3 Bxc3+ 12. Rxc3 Bb7 13.
Bg2 Ne7 14. O-O d6 $13) 11... b5 $5 (11... Bxc3+ 12. Rxc3 Nb4 13. Ba3 c5 14.
Ne5 Rc8 15. O-O Qc7 16. Bxb4 cxb4 17. Rc2 Bb7 18. f3 a5 19. e4 d6 20. Nd3 d5
21. e5 Nd7 22. Rff2 {1/2-1/2 Ibragimov,I (2602)-Ivanov,A (2565)/Stillwater
2007 (61)}) 12. cxb5 Bxb5 13. Bd2 (13. O-O Bxc3 14. Rxc3 Ne4 (14... Rb8 15. Re1
Ne4) 15. Re3 d5 16. a4 Ba6 17. Ba3 $14) 13... Rb8 14. O-O a5 15. Nxb5 Rxb5 16.
Bg5 Be7 17. Bxf6 Bxf6 18. Qd2 Nb4 19. Rcc1 c6 20. Rfd1 Qa8 21. e3 (21. e4 d5
22. e5 Be7 23. Rc3 Rb6 24. Rdc1 $13) 21... Rfb8 22. Ne5 $6 {I don't like the
idea to give Black a chance to get rid of the knight.} Bxe5 23. dxe5 R5b7 24.
Rc4 Nd5 {1/2-1/2 Ionov,S (2538)-Beliavsky,A (2667)/Sochi 2004/ (82)}) (10. Nb5
Bxb5 11. cxb5 Nb4 12. Rc4 Qe7 13. Rxc7 Rac8 14. Rxc8 Rxc8 15. Bh3 Nxa2 16. O-O
Nc3 17. Bxc3 Rxc3 18. Qd2 Rxb3 19. Ra1 Rxb5 20. Qd3 Ra5 21. e4 Bb2 22. Rxa5
bxa5 23. e5 Nd5 24. Qb5 Bc3 25. Qb8+ Qf8 26. Qxa7 Qd8 $15 {1-0 Borovikov,V 
(2595)-Poobesh Anand,S (2372)/Pardubice 2005 (43)}) 10... h6 11. Bxf6 Qxf6 12.
Bg2 d5 13. O-O (13. cxd5 Nb4 14. Rd2 (14. Ne5 Rad8 15. O-O Nxc2 16. Qxc2 exd5
17. Nxd5 Qd6) 14... Nxd5 15. Nxd5 exd5 16. O-O Rfe8 17. Ne5 Rad8 18. f4 Qd6 19.
Kh1 f6 20. Ng6 Re3 21. f5 Rde8 22. Nf4 c6 {1/2-1/2 Huzman,A (2577)-Azarov,S 
(2582)/Saint Vincent 2005 (28)}) 13... dxc4 14. bxc4 (14. Ne5 Nxe5 15. dxe5
Qxe5 16. Bxa8 Rxa8 17. bxc4 Bb7 18. Qd3 Be7 $11) 14... Rad8 (14... Bxc4 $2 15.
Ne4 Qf5 16. Rxc4 Qxe4 17. Nd2 $18) 15. Rd2 {Topalov can claim the two bishops,
but his cluster of minor pieces on the queenside is quite loose.} (15. e3 Bd6 (
15... e5 16. Nb5 (16. Nd5 Qd6 17. Nh4 Bc8 $11) 16... Bd6 17. Nd2 Nb4 18. Ne4
Qe6 19. d5 Qd7 20. Rb2 $14) 16. Nb5 Qe7 $14) 15... Bb4 (15... Bb7 16. e3 (16.
Ne5 Nxe5 17. dxe5 Qg5 18. f4 Bc5+ 19. Kh1 Bxg2+ 20. Kxg2 Rxd2 21. fxg5 (21.
Qxd2 Rd8) 21... Rxd1 22. Rxd1 hxg5 23. Rd7 Rc8 24. Nb5 $11) 16... Qe7 17. Qc2
Na5 $11) (15... Bxc4 $2 16. Qa4 Bb4 17. Qxc6 Bxc3 18. Rc2 $18) 16. Qb3 Bxc3 (
16... Bb7 17. e3 Qe7 18. Rb1 a5 19. Rdd1 $14) 17. Qxc3 Na5 18. c5 $1 {Black
has chosen a very dangerous strategical solution. Without the desired move ...
c7-c5 the pieces on a5 and a6 will feel quite misplaced.} (18. Ne5 c5 19. f4
Rxd4 20. Rxd4 cxd4 21. Qb4 (21. Qxd4 Rd8 $17) 21... Rc8 22. Rd1 Qd8 $17) 18...
Nc4 (18... Qf5 19. Ne5 f6 20. g4 Qg5 21. f4 Qh4 22. Ng6 Qxg4 23. Nxf8 Rxf8 24.
Qf3 $16) 19. Rc2 bxc5 (19... Qf5 20. e4 Qh5 21. cxb6 axb6 22. Rfc1 b5 23. a4 c6
$14) 20. Qb3 $1 {This move reportedly sent Topalov into deep thought. A
similar idea hoping to benefit from loose location of the knight on c4 was 20.
Rfc1!?} (20. Rfc1 $5 cxd4 21. Qd3 e5 (21... Rb8 22. Rxc4 c5 23. Qa3 Bxc4 24.
Rxc4 Rb1+ 25. Bf1 Rd8 26. Qd3 $14) 22. Rxc4 Rfe8 23. Nd2 $14) (20. dxc5 Qxc3
21. Rxc3 Nd2 22. Re1 $11) 20... cxd4 (20... Nd6 21. Qa3 Bb7 22. Rxc5 Bxf3 23.
Bxf3 Qxd4 24. Rfc1 $14) (20... Rb8 21. Qa4 Bb5 22. Qxa7 cxd4 23. Nxd4 $16) 21.
Rxc4 Rb8 22. Qc2 (22. Rb4 Rxb4 23. Qxb4 Bxe2 24. Nxd4 Bxf1 25. Bxf1 $13) 22...
Bxc4 23. Qxc4 e5 {[%mdl 1024] Topalov is definitely not very afraid of a
material imbalances, but here the gods are favouring White.} (23... Rfd8 24.
Qxc7 Rbc8 25. Qxa7 Ra8 26. Qc7 Rac8 (26... Rxa2 27. Ne5 $16) 27. Qa5 Rc2 28.
Re1 $16) 24. Qxc7 Rfe8 (24... Rb2 $1 25. Nxe5 Rxe2 26. f4 d3 (26... Rxa2 27.
Bd5 $16) 27. Qc4 (27. Bf3 Rxa2 28. Bd5 Rc2 29. Qxa7 d2 $14) 27... Qb6+ 28. Kh1
Rc2 29. Qxd3 Qb2 $14) 25. Qxa7 Rb2 (25... Ra8 26. Qd7 Red8 27. Qb5 e4 28. Nd2
$16) 26. Re1 {White had another solution for his problem with the hanging
e2-pawn, but did not want to create a passed pawn for the opponent on d3.} (26.
e3 $1 d3 27. Qa3 e4 28. Nd4 Rbb8 29. Qc3 $16) 26... g6 27. a4 Rd8 (27... Qd6
28. Nh4 $16) 28. Qa5 $1 e4 29. Nd2 (29. Qe5 Qxe5 30. Nxe5 d3 31. exd3 (31. Bxe4
Rxe2 32. Nxd3 Rxe4 33. Rxe4 Rxd3 $16) 31... exd3 32. Rd1 d2 33. f4 $16) 29...
e3 30. fxe3 d3 $6 {Black is choosing the interesting solution of opening the
files for his rooks, even though it objectively may not be the best line.} (
30... dxe3 31. Ne4 Qd4 32. Qc5 Ra2 33. Qxd4 Rxd4 34. Nc3 Rc2 35. Nd5 Rxa4 36.
Nxe3 $16) 31. Ne4 Qe7 32. exd3 Rxd3 33. Qa8+ (33. Qc5 $2 Rxg2+ $1 $15) 33...
Kg7 34. Qc6 (34. Bf1 $1 Ra3 35. Qd5 Rxa4 36. Bc4 Rbb4 37. Nd6 $16) 34... f5 $1
{One weaker move by White enables the defender to create some problems again.}
35. Nf2 Rdd2 {We should probably not expect the moves that are the most
logical from Topalov. White would need to play very well to prove his
advantage after the grabbing of the e3-pawn.} (35... Rxe3 36. Rf1 $1 (36. Rd1
Re1+ 37. Bf1 Rxd1 38. Qc3+ Qf6 39. Nxd1 Qxc3 40. Nxc3 $14) 36... Qa7 37. Bd5
Ree2 38. Qc8 Rb8 (38... Rxf2 39. Qg8+ Kf6 40. Qh8+ Qg7 (40... Kg5 41. Qd8+ $18)
41. Qxg7+ Kxg7 42. Rxf2 $18) 39. Qc3+ Kh7 40. a5 Rbb2 41. Qc8 Rb8 42. Bg8+ Kh8
43. Qc3+ Qg7 44. Qxg7+ Kxg7 45. Bc4 $18) 36. Qc3+ Kh7 (36... Qf6 37. Qxf6+ Kxf6
38. Rf1 $18) 37. Rf1 Rbc2 {The last chance for counterplay was hidden in the
pawn attack on the kingside.} (37... h5 $1 38. Bf3 h4 39. gxh4 Qxh4 40. Qc7+
Kh6 41. Qe5 Kh7 42. Qf4 Qxf4 43. exf4 $16) 38. Qb3 Rb2 39. Qc3 Rbc2 40. Qb3 Rb2
41. Qc4 $1 {The first move after the time control is excellent, the queen on
f4 will help White to achieve the consolidation he wants.} h5 (41... Qxe3 42.
Qf7+ Kh8 43. Qf8+ Kh7 44. Bd5 Rxd5 45. Qf7+ Kh8 46. Qxd5 $18) 42. Qf4 Re2 (
42... Qd7 43. Bf3 Ra2 44. Nh3 $16) 43. Bf3 Rec2 (43... Rxe3 44. Nd1 $18) 44.
Nd3 Ra2 45. Nb4 $1 (45. Bd5 Ra3 46. Ne5) 45... Rxa4 46. Nxc2 Rxf4 47. gxf4 {
The fight is definitely over as Grischuk now has too many pieces. Black's g6
pawn is doomed to fall and the rest will be easy.} Kh6 (47... g5 48. fxg5 Qxg5+
49. Bg2 h4 50. Kh1 Qg4 51. Nd4 h3 52. Bd5 $18) 48. Rb1 Qe6 49. Re1 Qa2 50. Nd4
h4 51. Be2 g5 (51... Qa3 52. Kf2 Qb2 53. Rg1 Kh7 54. Nf3 $18) 52. fxg5+ Kxg5
53. Rf1 Kg6 54. Rxf5 {White has too much material for any tactical return of
the queen.} Qb1+ 55. Rf1 Qe4 56. Kf2 1-0

[Event "Reykjavik Olafsson"]
[Site "Reykjavik"]
[Date "1995.??.??"]
[Round "3"]
[White "Hjartarson, Johann"]
[Black "Stefansson, Hannes"]
[Result "0-1"]
[WhiteElo "2570"]
[BlackElo "2520"]
[Annotator "Ftacnik,L"]
[PlyCount "60"]
[EventDate "1995.09.??"]
[EventType "tourn"]
[EventRounds "11"]
[EventCountry "ISL"]
[EventCategory "11"]
[SourceTitle "CBM 049"]
[Source "ChessBase"]
[SourceDate "1995.12.01"]
[SourceVersion "1"]
[SourceVersionDate "1995.12.01"]
[SourceQuality "1"]

1. d4 Nf6 2. c4 e6 3. Nf3 b6 4. g3 Ba6 5. b3 d5 6. cxd5 exd5 7. Bg2 Bb4+ 8. Bd2
Bd6 9. Nc3 O-O 10. O-O Re8 (10... Nbd7 11. Rc1 (11. Re1 c5 12. Be3 Bb7 13. Nh4
Ng4 14. Nxd5 Bxd5 15. Bxd5 Nxe3 16. fxe3 Rc8 17. Qd3 Nf6 18. Bc4 {Karpov,
An-Yudasin,L/Dos Hermanas (6) 1993/1-0 (56)}) 11... Re8 12. Re1 Bb4 13. a3 Bf8
14. Rc2 Bb7 15. Bc1 Ne4 16. Bb2 a6 17. e3 Bd6 18. Ne2 Qe7 19. Nf4 Nf8 20. Qc1
Ne6 {0-1 Chuchelov,V-Stefansson,H/EU-Cup Gr1 Eupen (02) 1994 (39)}) 11. Re1 (
11. Rc1 Nbd7 12. Re1 (12. Bf4 Qe7 13. Bxd6 Qxd6 14. Qc2 Re7 15. Rfd1 Rc8 16. e3
g6 17. Qb2 c6 18. b4 Bc4 19. b5 a6 20. bxc6 Rxc6 21. Nd2 b5 22. e4 dxe4 23.
Ndxe4 {1-0 Nikolaev,S-Bebcuk,E/Leningrad op 1991 (37)}) 12... c6 13. Qc2 Rc8
14. e4 Nxe4 15. Nxe4 dxe4 16. Rxe4 c5 17. Rxe8+ Qxe8 18. Re1 Qd8 19. Bg5 Qc7
20. dxc5 Qxc5 21. Qxc5 Nxc5 22. Bh3 {Eingorn,V-Shipov,S/Berlin Summer op 1992/
1-0 (51)}) 11... Nbd7 (11... c6 12. Rc1 Bb7 13. Nh4 Na6 14. Bg5 h6 15. Bxf6
Qxf6 16. e4 dxe4 17. Nxe4 Qd8 18. Nxd6 Qxd6 19. Qd2 Qf6 20. Qf4 Qxf4 21. gxf4
Nb4 {0-1 Kolev,At-Douven,R/Groningen op (05) 1993 (42)}) (11... Bb7 12. Nb5 (
12. Rc1 Na6 13. Bg5 h6 14. Bxf6 Qxf6 15. Nh4 Bb4 16. Bxd5 Bxc3 17. Bxb7 Bxe1
18. Qxe1 Rab8 19. Bxa6 b5 20. Bxb5 Rxb5 21. Nf3 {Van der Sterren,P-Douven,R/
NLD-ch (11) 1990/1/2-1/2 (57)}) 12... Bf8 13. Bf4 Na6 14. Qc2 Ne4 15. a3 Qd7
16. Nc3 Rac8 17. Ne5 Qe6 18. Nxe4 dxe4 19. Qc4 Qxc4 20. Nxc4 Rcd8 21. Rad1 Bd5
22. Rc1 {Ilic,Z-Genov,Peta/Heraklio op (5) 1993/0-1 (55)}) 12. Nh4 (12. e4 Nxe4
13. Nxe4 dxe4 14. Ng5 f5 15. Qh5 Nf6 16. Qf7+ Kh8 17. Bh3 Qc8 18. Nxe4 Rxe4 19.
Rxe4 Nxe4 20. Bxf5 Qe8 21. Qxe8+ Rxe8 {0-1 Soln,P-Vescovi,G/Duisburg WchJM-U14
(03) 1992 (41)}) 12... Bb7 (12... c6 13. e4 dxe4 14. Nxe4 Nxe4 15. Bxe4 Bb7 16.
Qf3 Rc8 17. Nf5 Bf8 18. Qg4 g6 19. Bg5 Qc7 20. Bf4 Qd8 21. Bg5 Qc7 22. Bf4 Qd8
23. Bg5 {1/2-1/2 Grabliauskas,V-Fish,G/EUCup Gr3 Lubniewice (01) 1994}) 13. Nf5
Bf8 14. Bg5 h6 15. Bf4 (15. Bxf6 Nxf6 $10) 15... Rc8 16. a3 Ne4 $5 17. Nxe4 (
17. Qc2 c5 18. dxc5 Bxc5 19. Bxe4 dxe4 20. Red1 $13) 17... dxe4 18. d5 $6 (18.
Bh3 $5 $13) 18... Nf6 19. d6 (19. Qc2 Qxd5 20. Ne3 Qe6 $17) 19... Nd5 $1 20.
dxc7 $6 (20. Qd4 c5 (20... cxd6 21. Bxd6 $1) 21. Qd2 Re6 $15) 20... Qf6 21. Bh3
(21. Nd4 Nxf4 22. gxf4 Qxf4 $19) 21... Nxf4 22. gxf4 Rxc7 23. Rc1 (23. b4 Bc8
24. Qd5 g6 $19) 23... Rxc1 24. Qxc1 e3 (24... Bc8 $6 25. Nxh6+ Qxh6 26. Bxc8 e3
$17) 25. Nxe3 (25. fxe3 Qg6+ 26. Ng3 (26. Kf2 Qh5 27. Kg3 Re6 $1 $40) 26...
Rxe3 $1 $19) 25... Qxf4 26. Bg2 (26. Nf5 Qxc1 27. Rxc1 Rxe2 28. Bf1 Rd2 29. Rc7
Bd5 $17) 26... Bxg2 27. Nxg2 (27. Kxg2 Bc5 28. b4 Bxe3 29. fxe3 Rxe3 $19) 27...
Qxc1 28. Rxc1 Rxe2 29. Rc8 (29. Nf4 Re4 30. Nd5 Bxa3 $19) 29... Rb2 30. b4 $2 (
30. Ne3 Rxb3 31. Nd5 Rb1+ 32. Kg2 Re1 $19) 30... Rb1+ 0-1